[Event "World-ch33-KK4 Kasparov-Karpov +4-4=16"]
[Site "Seville"]
[Date "1987.10.16"]
[Round "3"]
[White "Karpov, Anatoly"]
[Black "Kasparov, Garry"]
[Result "1/2-1/2"]
[WhiteElo "2700"]
[BlackElo "2740"]
[Annotator "Bulletin"]
[PlyCount "58"]
[EventDate "1987.10.12"]
[EventType "match"]
[EventRounds "24"]
[EventCountry "ESP"]
[SourceTitle "MainBase"]
[Source "ChessBase"]
[SourceDate "1999.07.01"]
[SourceVersion "2"]
[SourceVersionDate "1999.07.01"]
[SourceQuality "1"]

1. d4 Nf6 2. c4 g6 3. g3 c6 4. Bg2 d5 5. cxd5 (5. Nf3 {5.Qb3 - D 71} dxc4 $5)
5... cxd5 6. Nf3 Bg7 7. Nc3 {7.0-0 - 44/(557)} O-O 8. Ne5 e6 9. O-O Nfd7 10. f4
{10.Nd7 - 44/(557)} Nc6 11. Be3 Nb6 12. Bf2 (12. Nxc6 $5 bxc6 13. Bf2) 12...
Ne7 {N; 12...Bd7 - 44/(557)} 13. a4 (13. Qd3 Bd7 14. Rfc1) 13... a5 14. Qb3 Bd7
15. Rfc1 (15. Nxd7 Nxd7 16. Qxb7 Rb8 17. Qa6 Rxb2 18. Rfb1 Nb8 {/\ Nbc6=})
15... Bc6 16. Nb5 (16. e3 {/\ Bf1, Be1}) 16... Nbc8 17. e3 (17. Qa3 $6 Bxb5 18.
axb5 Nd6) 17... Nd6 18. Nxd6 Qxd6 19. Be1 Rfb8 $1 $10 20. Bf1 (20. Qa3 Qxa3 21.
Rxa3 $10) 20... f6 21. Nf3 (21. Nxc6 bxc6 22. Qa3 Qxa3 23. bxa3 Rb3 (23... e5)
24. Bd2 e5 $15) 21... Qd7 $15 {/\ Nf5-d6} 22. Qc2 Nf5 23. Bd2 Nd6 24. b3 Rc8 (
24... Re8 25. Bd3 Nf7 {/\ e5=/+}) 25. Qd1 h6 26. Be1 (26. Qe1) 26... g5 27. Ra2
$1 Qe8 (27... g4 28. Nh4 f5 29. h3 h5 30. hxg4 hxg4 31. Ng6) 28. Rac2 Bf8 29.
Bd3 g4 1/2-1/2

[Event "World-ch33-KK4 Kasparov-Karpov +4-4=16"]
[Site "Seville"]
[Date "1987.11.02"]
[Round "8"]
[White "Kasparov, Garry"]
[Black "Karpov, Anatoly"]
[Result "1-0"]
[WhiteElo "2740"]
[BlackElo "2700"]
[Annotator "Lutz,C"]
[PlyCount "99"]
[EventDate "1987.10.12"]
[EventType "match"]
[EventRounds "24"]
[EventCountry "ESP"]
[SourceTitle "100 Jahre Schach"]
[Source "ChessBase"]
[SourceDate "2000.04.19"]
[SourceVersion "1"]
[SourceVersionDate "2000.04.19"]
[SourceQuality "1"]

{Kasparow und Karpow saßen sich bereits in mehr als 150 Partien am Schachbrett
gegenüber. Kasparow war in der Regel derjenige, der mit weit ausanalysierten
Eröffnungen und taktischen Schlägen aufwartete, während Karpow sich durch
strategische Übersicht, große Geduld und eine umsichtige Verteidigung
auszeichnete. In der nachfolgenden Partie sind jedoch die Rollen vertauscht.
Kasparow baut sich ganz ruhig auf und sammelt ganz allmählich kleine Vorteile
an. Karpow kommt mit den strategischen Gegebenheiten der Stellung nicht
zurecht und muss schließlich eine verdiente Niederlage hinnehmen. Ich stütze
mich auf die Kommentare von Iossif Dorfman im Informator 44/40.} 1. c4 e5 2.
Nc3 d6 3. g3 c5 {Das Bauerndreieck c5-d6-e5 findet sich selten in Karpows
Partien als Antwort auf die Englische Eröffnung. Die Vor- und Nachteile dieser
Aufstellung sind deutlich: einerseits wird die Kontrolle über d4 verbessert,
andererseits die Kontrolle über d5 aufgegeben.} 4. Bg2 Nc6 5. a3 $1 {Weiß
nutzt seinen kleinen Entwicklungsvorsprung, um sofort die Initiative am
Damenflügel zu ergreifen.} g6 ({Dorfman schlägt} 5... a5 $5 {vor, um b2-b4 zu
verhindern.}) 6. b4 Bg7 ({Es ist nicht möglich, den Bauern zu nehmen:} 6...
cxb4 7. axb4 Nxb4 8. Qa4+ Nc6 9. Bxc6+ bxc6 10. Qxc6+ Bd7 11. Qb7 Rc8 (11...
Ne7 12. Rxa7 $16) 12. Rxa7 Rxc4 13. Nf3 $16 {(Dorfman). Weiß kann nach 0-0,
Ba3 und Rb1 schnell einen unwiderstehlichen Angriff am Damenflügel entfalten.})
7. Rb1 (7. bxc5 dxc5 8. Bxc6+ bxc6 9. Rb1 $13 {"nebst d3" (Dorfman). Als
Kompensation für den Doppelbauern hat Schwarz das Läuferpaar}) 7... Nge7 8. e3
O-O 9. d3 Rb8 10. Nge2 Be6 11. b5 Na5 {"Springer am Rand bringt Kummer und
Schand' ..." werden sich die beiden Kontrahenten wohl gedacht haben. In der
Tat, der Na5 ist für den Rest der Partie zum untätigen Zuschauen verurteilt
und wird letztlich der Grund für Karpows Niederlage sein.} 12. Bd2 b6 (12... d5
13. cxd5 Nxd5 14. Nxd5 Bxd5 15. Bxd5 Qxd5 16. O-O b6 17. Bxa5 bxa5 18. Nc3 $16
{(Dorfman). Schwarz hat keine Kompensation für die Bauernschwächen.}) 13. O-O
Nb7 {Bereitet ...d6-d5 vor, da nun der Springer nicht mehr angegriffen ist.}
14. e4 Kh8 $6 {Wie gleich deutlich wird, sollte Schwarz dem Bd2 das Feld g5
verwehren.} ({Dazu bot sich} 14... h6 {"mit der Idee ... f7-f5" (Dorfman) an.})
15. Qc1 {Jetzt ist ...h7-h6 erst einmal erschwert.} f5 16. Bg5 $1 {Gemäß der
Terminologie von Steve Mayer, Autor des Buches "Knight v Bishop : The Verdict",
ist der Bg5 ein Läufer, der die Felderfarbe wechselt. Gemeint ist, dass sich
der schwarzfeldrige Läufer gegen einen Springer tauscht, um die Kontrolle über
die weißen Felder zu erhöhen. Dieses Phänomen trifft man häufig in der
Englischen Eröffnung an. In der Partie dient der folgende Abtausch Kasparow
dazu, eine feste Kontrolle über die Felder d5 und e4 zu errichten.} Qe8 ({
Karpow konnte den Abtausch von Läufer gegen Springer verhindern, aber dann
wäre er vom Regen in die Traufe gekommen:} 16... Bf6 17. Bxf6+ Rxf6 18. f4 {
nebst Qb2, und Schwarz hat Probleme entlang der Diagonalen a1-h8. Besonders
der Pe5 neigt zur Schwäche.}) 17. Bxe7 $1 Qxe7 18. exf5 Bxf5 $6 {Schwarz gibt
die Kontrolle über e4 völlig auf und lässt seinem Gegner freie Hand.} ({
Die Alternative} 18... gxf5 19. f4 $14 {ist jedoch auch besser für Weiß. Der
Anziehende wird Qc2, Rf2, Raf1 und Bh3 spielen, um den Pf5 unter Druck zu
setzen. Schwarz bleibt in der Verteidigung.}) 19. Nd5 Qd7 20. Qd2 Na5 $6 {
Im weiteren Verlauf lässt Karpow seinen Springer zwischen a5 und b7 hin- und
herpendeln. Angersichts der schwarzen Passivität kann Kasparow in aller Ruhe
seine Figuren am Königsflügel konzentrieren und sein Figurenübergewicht dort
verwerten.} ({Von Dorfman wird} 20... Nd8 {vorgeschlagen, z.B.} 21. a4 Nf7 22.
a5 (22. h4 Bh6 23. Qc3 g5 $5 24. h5 g4) 22... Bh6 {"nebst ...Ng5-h3" (Dorfman).
Obwohl Weiß dann ein Druckspiel entlang der a-Linie entfalten kann, behält
Schwarz Gegenspiel.}) 21. Nec3 Rbe8 22. Ne4 Nb7 23. a4 Na5 24. h4 $16 {
Kasparow verbessert schrittweise seine Stellung.} Nb7 25. Kh2 Rb8 26. Ra1 Na5
27. Ra3 $1 {Weiß verhindert ...Nb3-d4.} Rf7 28. Qc3 Rd8 29. Ra2 Bh6 30. Ng5
Rff8 31. Re2 Bg7 32. Qc2 Rde8 33. Ne3 $1 {Weiß kann die Felder d5 und e4 als
Rangierstationen für seine Leichtfiguren benutzen.} Bh6 34. Bd5 Bg7 (34... Bxg5
35. hxg5 $16 {"nebst f2-f4" (Dorfman) würde die Schwäche der Diagonale a1-h8
ausnutzen.}) 35. Qd1 h6 {Schwarz verliert die Geduld und schwächt seinen
Königsflügel. Aber andererseits drohte Weiß Ra2 nebst g3-g4.} 36. Ne4 Qd8 37.
Ra2 Bc8 38. Nc3 $1 {Geduldig verbessert Kasparow seine Figurenstellung, bis
alle optimal stehen.} h5 39. Be4 Re6 40. Ncd5 Bh6 41. Ng2 Kg7 $6 {Ermöglicht
den folgenden Durchbruch.} (41... Bb7 {ist zäher. Zumindest kann Weiß noch
nicht direkt gewinnen, denn} 42. f4 $6 Bxd5 43. Bxd5 Ref6 {gibt Schwarz gutes
Gegenspiel}) 42. f4 $1 $18 {Der entscheidende Schlag. Der Na5 steht einfach zu
weit weg vom Spielgeschehen.} exf4 (42... Ree8 43. Raf2 {"nebst f4-f5" 
(Dorfman)}) 43. Ngxf4 Re5 44. Nxg6 $1 {Eine Kombination zum Abschluss.} Rxf1
45. Qxf1 Rxe4 46. dxe4 Kxg6 47. Rf2 Qe8 (47... Bg7 48. Rf7 {"mit den Ideen
Ne7+ und e4-e5" (Dorfman) ist ebenfalls vernichtend}) 48. e5 $1 {Nimmt der
schwarzen Dame das Feld e5.} (48. Rf6+ Kg7 49. Rxd6 Qe5 {wäre etwas
komplizierter, wenngleich auch dann Weiß gewinnen sollte.}) 48... dxe5 (48...
Qxe5 49. Re2 $18 {und Ne7+}) 49. Rf6+ Kg7 50. Rd6 {Schwarz verliert mindestens
einen seiner Läufer.} 1-0

[Event "World-ch33-KK4 Kasparov-Karpov +4-4=16"]
[Site "Seville"]
[Date "1987.11.11"]
[Round "12"]
[White "Kasparov, Garry"]
[Black "Karpov, Anatoly"]
[Result "1/2-1/2"]
[WhiteElo "2740"]
[BlackElo "2700"]
[Annotator "Bulletin"]
[PlyCount "41"]
[EventDate "1987.10.12"]
[EventType "match"]
[EventRounds "24"]
[EventCountry "ESP"]
[SourceTitle "MainBase"]
[Source "ChessBase"]
[SourceDate "1999.07.01"]
[SourceVersion "2"]
[SourceVersionDate "1999.07.01"]
[SourceQuality "1"]

1. c4 e6 2. Nc3 d5 3. d4 Be7 4. cxd5 exd5 5. Bf4 Nf6 6. e3 Bf5 7. Nge2 {
7.Qb3 - D 35} O-O 8. Rc1 {N} (8. Ng3 Be6 9. Bd3 c5 $1 $10) 8... c6 9. Ng3 Be6 (
9... Bg6 10. h4 h6 11. h5 Bh7 12. Bd3 $16) 10. Bd3 Re8 (10... Nbd7 11. Nf5 Bxf5
12. Bxf5 g6 $10) 11. Qb3 Qb6 12. Qc2 Nbd7 13. O-O (13. Nf5 Bxf5 14. Bxf5 Nf8 {
/\ Qd8=}) 13... g6 14. h3 (14. a3 Qd8 15. b4 $6 a5) 14... Bf8 15. Nge2 Rac8 16.
Qd2 (16. Na4 Qd8 $1 $10 (16... Qa5 17. a3 $14)) 16... Nh5 $1 17. Bh2 Ng7 {
/\ Bf5} 18. g4 $2 (18. Na4 $10) (18. Nf4 $10) 18... Qd8 19. f3 (19. Nf4 Bd6 {
/\ h5}) 19... Nb6 20. b3 Ba3 21. Rc2 1/2-1/2

[Event "World-ch33-KK4 Kasparov-Karpov +4-4=16"]
[Site "Seville"]
[Date "1987.11.13"]
[Round "13"]
[White "Karpov, Anatoly"]
[Black "Kasparov, Garry"]
[Result "1/2-1/2"]
[WhiteElo "2700"]
[BlackElo "2740"]
[Annotator "Bulletin"]
[PlyCount "72"]
[EventDate "1987.10.12"]
[EventType "match"]
[EventRounds "24"]
[EventCountry "ESP"]
[SourceTitle "MainBase"]
[Source "ChessBase"]
[SourceDate "1999.07.01"]
[SourceVersion "2"]
[SourceVersionDate "1999.07.01"]
[SourceQuality "1"]

1. d4 Nf6 2. c4 g6 3. Nc3 d5 4. Nf3 Bg7 5. cxd5 Nxd5 6. e4 Nxc3 7. bxc3 c5 8.
Rb1 O-O 9. Be2 cxd4 10. cxd4 Qa5+ 11. Qd2 Qxd2+ 12. Bxd2 e6 {12...b6 - 44/(562)
} 13. O-O b6 14. Rfd1 {14.Rfc1 - 44/(562)} Bb7 15. d5 exd5 16. exd5 Nd7 17. Bb4
Rfc8 18. Be7 Bf6 {N; 18...Bf8?! - 44/(562)} 19. d6 Kg7 $1 (19... Rc5 $2 20. Bb5
Bc6 21. Bxc6 Rxc6 22. Bxf6 Nxf6 23. Ne5 Rc5 24. d7 Rd8 25. Rbc1 $1 Kf8 26. Rxc5
bxc5 27. Kf1 $18) 20. Re1 (20. Nd4 Be4 $1 (20... Bxe7 $2 21. dxe7 Re8 22. Bb5
Rxe7 23. Bxd7 Rxd7 24. Ne6+ $18) (20... Nc5 $6 21. Nb5 $1 (21. Bb5 a6 $1 22. d7
Bxe7 23. dxc8=Q Rxc8 $44) 21... Bxe7 22. dxe7 Re8 23. Nc7 Rxe7 24. Nxa8 Rxe2
25. Nc7 Rxa2 26. Ne8+ Kf8 27. Nd6 $14) 21. Rb4 a5 $1 22. Ne6+ (22. Rb5 $2 Bxd4
23. Rxd4 Rc1+ 24. Rd1 Rac8 $17) 22... fxe6 23. Rxe4 Bxe7 24. dxe7 Nc5 25. Red4
(25. Rf4 $2 Re8 $17) 25... Kf6 26. Rd6 Rab8 27. Rb1 Ne4 (27... Na4 28. Bg4) 28.
e8=Q $1 Rxe8 29. Rdxb6 Rxb6 30. Rxb6 Rc8 $1 31. g3 $1 (31. Rxe6+ $6 Kxe6 32.
Bg4+ Kd6 33. Bxc8 Nc3 34. a3 Nb5 $15) 31... Rc2 (31... Rc1+ $6 32. Kg2 Rc2 33.
Bd3 $1 Rxf2+ 34. Kg1 $18) 32. Bd3 Rc1+ 33. Kg2 Nc5 $10) 20... Rc5 (20... a6 $5
$13) 21. Bb5 Bc6 (21... Bxf3 $5 22. Bxd7 (22. gxf3 Ne5 23. Kg2 a6 $13) 22...
Bc6 23. Bxc6 Rxc6 24. Rbd1 Bxe7 25. dxe7 Re8 26. Rd7 (26. Rd8 $2 Rxe7) 26... a5
$10) 22. Bxc6 Rxc6 23. Rbd1 {/\ Bf6} (23. g4 $2 Bxe7 24. dxe7 Re8 25. Rbd1 Rc7
$17) 23... Bc3 $1 24. Re3 f6 25. g4 $1 g5 (25... Rac8 $6 26. g5 f5 27. Nd4 $1
Bxd4 28. Rxd4 $36 {/\ 29.Bf6 Nf6 30.Re7}) 26. h4 h6 27. hxg5 (27. Rc1 $1 Rac8
28. Bd8 $1 Be5 $1 (28... Rxd8 $2 29. Rcxc3 Rxd6 (29... Rxc3 30. Rxc3 Nc5 31.
Nd4 $16) 30. Re7+ Kf8 (30... Kg8 31. Rc7) 31. Rh7 $16) 29. Rxc6 Rxc6 30. Nxe5
Nxe5 (30... fxe5 $6 31. hxg5 hxg5 32. Bxg5 Rxd6 $14) 31. Bc7 (31. d7 Rd6) 31...
Rc1+ $8 (31... Kf7 $4 32. Rxe5 $18) 32. Kg2 Rd1 33. hxg5 hxg5 34. Ra3 Nxg4 35.
Rxa7 Kg6 $10) 27... hxg5 28. Nd4 $2 (28. Rd5 $6 Rc4 $1 29. Nxg5 Rxg4+ 30. Kf1
Be5 $1 31. Ne6+ Kf7 32. Nd8+ Kg6 33. Nc6 Rh8 $15) (28. Rc1 Rac8 29. Bd8 $1 $10)
28... Bxd4 29. Rxd4 Rh8 (29... Rc1+ $6 30. Kg2 Rc2 31. a4 Rac8 32. a5 $1 b5 33.
a6 $1 $132) 30. Re1 Rc2 $6 (30... Rc3 $1 31. Kg2 Kf7 $17) 31. a4 a5 $6 (31...
a6 $5) (31... Kg6 $5) 32. f4 $1 Kg6 (32... gxf4 33. Rxf4 Rhh2 34. Bxf6+ $1 Nxf6
35. Re7+ Kg6 36. Re6 Rhg2+ 37. Kf1 Rh2 $10) 33. fxg5 (33. f5+ $6 Kf7 $15) 33...
Kxg5 34. Rf1 Kg6 (34... Rhh2 35. Rxf6 $1 Nxf6 36. d7) 35. Rf2 (35. Rdf4 Rhh2
36. Rxf6+ $1 Nxf6 37. Rxf6+ Kg7 38. d7 Rcg2+ 39. Kf1 Rd2 40. Kg1 $1 $10) 35...
Rhc8 36. Rdf4 Rxf2 (36... Rxf2 37. Kxf2 Kg5 38. Re4 Rc5 39. Bd8 Rd5 40. Bc7 Ne5
41. Bxb6 Nxg4+ 42. Ke2 $10) 1/2-1/2

[Event "World-ch33-KK4 Kasparov-Karpov +4-4=16"]
[Site "Seville"]
[Date "1987.11.20"]
[Round "15"]
[White "Karpov, Anatoly"]
[Black "Kasparov, Garry"]
[Result "1/2-1/2"]
[WhiteElo "2700"]
[BlackElo "2740"]
[Annotator "Bulletin"]
[PlyCount "85"]
[EventDate "1987.10.12"]
[EventType "match"]
[EventRounds "24"]
[EventCountry "ESP"]
[SourceTitle "MainBase"]
[Source "ChessBase"]
[SourceDate "1999.07.01"]
[SourceVersion "2"]
[SourceVersionDate "1999.07.01"]
[SourceQuality "1"]

1. d4 Nf6 2. c4 g6 3. Nc3 d5 4. Nf3 Bg7 5. Qb3 dxc4 6. Qxc4 O-O 7. e4 Na6 8.
Be2 c5 9. d5 e6 10. O-O exd5 11. exd5 Bf5 12. Rd1 Re8 13. d6 $5 {N; 13.Bg5} h6
$1 (13... Ne4 $2 14. d7 $1 Re7 15. Nxe4 Rxe4 16. Bg5 $1 Rxc4 (16... Bf6 17.
Bxf6 Qxf6 18. Qc3 $16) (16... Qxd7 17. Rxd7 Rxc4 18. Rxb7 $16) 17. Bxd8 Rxd8
18. Bxc4 Bxb2 19. Ng5 $1 $16) 14. h3 $6 (14. Bf4) 14... Nb4 $1 15. Bf4 $1 (15.
Qxc5 $2 Nc2 16. Rb1 Nd7 17. Qb5 a6 $17) (15. a3 $2 Nc2 16. Rb1 Nd4 $17) 15...
Nd7 16. Rd2 a6 17. Qb3 b5 18. Qd1 (18. a4 $2 Nc2 $1 $17) 18... c4 19. a4 $1 (
19. Nd4 $6 Bxd4 20. Rxd4 Nc2 21. Bf3 Ra7 22. Nd5 Nxa1 23. Qxa1 Nf6 $17) 19...
Nc5 (19... Rb8 20. axb5 axb5 21. Ra7 Qb6 22. Rc7 $13) (19... Qb6 $5 20. Be3
Rxe3 21. fxe3 Re8 $44) 20. axb5 Nbd3 (20... Nb3 $2 21. d7 $1 $16) 21. Bxd3 Nxd3
22. Rxd3 $2 (22. Nd5 $1 Nxf4 23. Nxf4 c3 $1 (23... axb5 $2 24. d7 $18) 24. bxc3
Bxc3 $13) 22... cxd3 $2 (22... Bxd3 $1 23. Nd5 g5 $1 (23... Re4 24. b6 Rxf4 25.
Nxf4 Qxd6 26. Nxd3 cxd3 27. b7 Rb8 28. Ra3 $1 $10) 24. Bg3 (24. Ne7+ Rxe7 25.
dxe7 Qxe7 $17) 24... axb5 25. Rxa8 Qxa8 26. Nc7 Qc6 27. Nxe8 Qxe8 28. Ne5 (28.
Qd2 f5 29. Qe3 Qxe3 30. fxe3 Kf7 31. Be5 Bxe5 32. Nxe5+ Ke6 33. d7 Ke7 $17)
28... Bxe5 29. d7 Qxd7 30. Bxe5 Qe7 $17) 23. Nd5 $1 (23. bxa6 $2 Qb6 $17) 23...
axb5 (23... Re4 24. Bg3 $5 $13) 24. Ne7+ $1 (24. Rxa8 Qxa8 25. Ne7+ (25. Nc7 $6
Qe4 26. Nxe8 Qxf4 27. g4 $1 (27. Nxg7 $2 Kxg7 $17) 27... Bd7 (27... Be4 $2 28.
d7 $1 Bxf3 $2 29. d8=Q Bxd1 30. Nf6#) 28. Nxg7 Qxd6 $1 29. Ne1 Kxg7 $15)) 24...
Kh7 25. Rxa8 Qxa8 26. Nxf5 gxf5 27. Qxd3 Qe4 28. Qxb5 Ra8 (28... Rd8 $6 29. Qa5
$1 Rd7 30. Qd2 $14) 29. Bd2 Rd8 30. Qc5 $1 (30. Qb6 $6 Rd7 $15) 30... Qe6 (
30... Bf8 31. Qc7 Qb1+ 32. Ne1 Rxd6 33. Qxf7+ Bg7 34. Bc3 Rg6 $13) 31. Bf4 Bxb2
32. Nh4 Bf6 33. Qxf5+ (33. Nxf5 Rc8 34. Qb5 $1 (34. Qa5 $2 Qe4 $1 35. Bxh6 Ra8
$17) 34... Qe1+ 35. Kh2 Qxf2 36. Be3 (36. Bg3 $2 Rc5 $1 $17) 36... Qb2 $13)
33... Qxf5 34. Nxf5 {R 9/f} h5 $1 35. g4 (35. f3 $6 h4 $1 $15) 35... hxg4 36.
hxg4 Kg6 37. Kg2 Bb2 38. Ne7+ (38. Kf3 Kf6 39. Ke4 Ke6 $10) 38... Kf6 39. Nc6
Rd7 40. Nb8 Rd8 41. d7 Ke6 42. Kf3 Ba3 (42... Rxd7 $6 43. Nxd7 Kxd7 44. g5 $1
Ke6 45. Kg4 $14) 43. Bc7 (43. Bc7 Rxd7 44. Nxd7 Kxd7 45. Be5 Ke6 46. Ke4 f5+
47. gxf5+ Kf7 $10) 1/2-1/2

[Event "World-ch33-KK4 Kasparov-Karpov +4-4=16"]
[Site "Seville"]
[Date "1987.11.25"]
[Round "17"]
[White "Karpov, Anatoly"]
[Black "Kasparov, Garry"]
[Result "1/2-1/2"]
[WhiteElo "2700"]
[BlackElo "2740"]
[Annotator "Bulletin"]
[PlyCount "92"]
[EventDate "1987.10.12"]
[EventType "match"]
[EventRounds "24"]
[EventCountry "ESP"]
[SourceTitle "MainBase"]
[Source "ChessBase"]
[SourceDate "1999.07.01"]
[SourceVersion "2"]
[SourceVersionDate "1999.07.01"]
[SourceQuality "1"]

1. Nf3 Nf6 2. c4 g6 3. Nc3 Bg7 4. e4 d6 5. d4 O-O 6. Be2 e5 7. O-O Nc6 8. d5
Ne7 9. Nd2 {9.b4 - 44/(750)} a5 $5 10. b3 c5 $1 {10...Nd7 - 44/(750)} 11. a3
Ne8 12. Rb1 f5 13. b4 axb4 14. axb4 b6 15. Qb3 (15. Qc2 $5) 15... Nf6 16. Bd3
Bh6 $1 17. Rb2 $14 Ra1 18. Qc2 Bf4 (18... Bxd2 $6 19. Qxd2 $1 {/\} (19. Bxd2
Rxf1+ 20. Kxf1 f4 $13) 19... f4 20. Na2 {/\ Rb3, Qb2}) 19. Nf3 $6 (19. bxc5
bxc5 20. Rb1 $5 Rxb1 21. Ndxb1 $14) 19... fxe4 20. Nxe4 Nxe4 21. Bxe4 Rxc1 22.
Rxc1 Bxc1 23. Qxc1 Nf5 24. Qg5 (24. Ng5 Nd4 25. bxc5 bxc5 26. h4 h6 27. Ne6
Bxe6 $1 (27... Nxe6 28. dxe6 Qxh4 29. e7 $1 Qxe7 30. Qxh6 $16) 28. dxe6 Qxh4
29. e7 Re8 $1 30. Bxg6 Rxe7 31. f3 $1 (31. Qb1 $2 e4 $1 $17) 31... Qg5 $1 32.
Qxg5 hxg5 33. Rb6 $13) 24... Nd4 25. Qxd8 Nxf3+ 26. Bxf3 Rxd8 27. bxc5 bxc5 28.
Rb8 Rf8 29. Rb6 Rf6 30. Rb8 Rf8 31. Rb6 Rf6 32. Be4 $14 Bf5 33. Bxf5 Rxf5 $1 {
R 7/g} 34. g3 (34. Rxd6 Rf4 $10) 34... Rf6 35. h4 h6 36. Kg2 Kg7 37. f3 Kg8 (
37... g5 $6 38. hxg5 hxg5 39. Kh3 $1 $14) 38. Kf2 g5 39. hxg5 hxg5 40. Ke3 Kg7
41. Rb8 Kh7 42. Rd8 (42. Rb7+ $5 Kg6 43. Rd7) (42. Ke4) 42... Kg7 (42... g4 $1
43. f4 exf4+ 44. gxf4 g3 45. Ra8 g2 46. Ra1 Rg6 47. Rg1 Rg3+ $1 {/\ Rc3=}) 43.
Ra8 (43. Rd7+ Kg6 44. g4 Kh6 45. Ke2 Kg6 46. Kd2 Kh6 47. Kc2 Rxf3 48. Rxd6+ Kg7
49. Rc6 (49. Re6 Rf4 50. Kb3 Rxg4 51. Rxe5 Kf6 52. Re6+ Kf7 53. Rc6 Rd4 54.
Rxc5 g4 55. Ra5 g3 56. Ra1 g2 57. Kb4 Rg4 58. Rg1 Ke7 $10) 49... Rf4 50. Rxc5
Rxg4 51. Kd3 (51. Rc6 Rd4) 51... Rf4 (51... Rd4+ 52. Ke3 Kf6 53. Rc6+ Kf5 54.
d6 Re4+ 55. Kf3 Rf4+ 56. Kg3 Rg4+ 57. Kh3 Rh4+ $10 58. Kg3 Rg4+ 59. Kf3 Rf4+
60. Ke3 Re4+ 61. Kd3 Rd4+ 62. Kc3 $2 g4 $17) 52. Rc7+ Kf8 $10 (52... Kf6 $10))
43... Kf7 (43... g4 $6 44. f4 exf4+ 45. gxf4 Rf7 $5 (45... g3 $2 $16) 46. Ra6
Re7+ 47. Kf2 Kg6 48. Rxd6+ Kf5 $10) 44. Ke4 (44. Ra7+ Kg6 45. Re7 $5 (45. g4 $5
Rf7 46. Ra8 Rf4 47. Rd8 Rxc4 48. Rxd6+ Kf7 49. Re6 Rd4 50. Rxe5 Kf6 51. Rf5+
Kg6 $10) 45... g4 $5 (45... Kh6 46. Re6 Kg7 47. Ke4 Kf7 48. Rxf6+ Kxf6 49. g4
Kg6 50. Kd3 $1 Kf6 51. Kc3 e4 52. fxe4 Ke5 53. Kb3 Kd4 54. e5 $1 Kxe5 55. Ka4
$16) 46. f4 exf4+ 47. gxf4 g3 $10 48. Re6 $2 Rxe6+ 49. dxe6 Kf6 50. f5 d5 $1
51. cxd5 Ke7 $1 $19) 44... Kg7 45. Ra7+ Kg6 46. Re7 (46. Rb7 g4 $1 47. f4 exf4
48. gxf4 Rf7 $1 $10) (46. Rd7 $5 g4 47. f4 exf4 48. gxf4 g3 49. Ra7 Rf8 $1 (
49... g2 $2 50. Ra1 $16) (49... Kh5 $2 50. Rh7+ $16) 50. Ra3 Re8+ 51. Kf3 Kf5
52. Kxg3 Re4 $10) 46... g4 $1 1/2-1/2

[Event "World-ch33-KK4 Kasparov-Karpov +4-4=16"]
[Site "Seville"]
[Date "1987.11.30"]
[Round "18"]
[White "Kasparov, Garry"]
[Black "Karpov, Anatoly"]
[Result "1/2-1/2"]
[WhiteElo "2740"]
[BlackElo "2700"]
[Annotator "Bulletin"]
[PlyCount "80"]
[EventDate "1987.10.12"]
[EventType "match"]
[EventRounds "24"]
[EventCountry "ESP"]
[SourceTitle "MainBase"]
[Source "ChessBase"]
[SourceDate "1999.07.01"]
[SourceVersion "2"]
[SourceVersionDate "1999.07.01"]
[SourceQuality "1"]

1. c4 e6 2. Nc3 d5 3. d4 Be7 4. Nf3 Nf6 5. Bg5 h6 6. Bh4 O-O 7. e3 b6 8. Be2
Bb7 9. Bxf6 Bxf6 10. cxd5 exd5 11. b4 c5 12. bxc5 bxc5 13. Rb1 Bc6 14. O-O Nd7
15. Bb5 Qc7 16. Qd3 Rfc8 {N; 16...Rfd8 - 40/551} 17. Rfc1 Rab8 $5 (17... Bxb5
18. Nxb5 Qc6) 18. h3 $5 g6 $2 (18... cxd4 19. Nxd5 Bxb5 20. Rxc7 Bxd3 21. Rxb8
Rxb8 22. Rxd7 dxe3 23. Nxf6+ gxf6 24. fxe3 (24. Rxd3 $2 Rb1+ 25. Kh2 exf2 26.
Nd2 Rd1 $1 $17) 24... Be4 25. Rxa7 $14) (18... c4 $5 19. Qc2 (19. Qf5 g6) 19...
Ba8 $1 $13) 19. Bxc6 Rxb1 (19... Qxc6 $2 20. Rxb8 Rxb8 21. dxc5 Bxc3 22. Rxc3
$1 Nxc5 23. Qc2 Rc8 24. Nd4 $18) 20. Qxb1 $1 (20. Nxb1 $2 Qxc6 21. dxc5 Nxc5
22. Qa3 Qb7 $1 $10) 20... Qxc6 21. dxc5 Qxc5 (21... Nxc5 22. Ne2 Qa8 23. Nf4
$16 {>< d5}) 22. Ne2 Qf8 23. h4 $2 (23. Qb7 $2 Rxc1+ 24. Nxc1 Qa3 $1 $13) (23.
Nf4 Nb6 24. h4 $1 h5 (24... Rc4 25. h5 g5 26. Ne2 Qb4 27. Qf5 Rxc1+ 28. Nxc1
Kg7 29. Nb3 $16 {/\} Qa3 $2 30. Nbd4 Qxa2 31. Ne6+ $1 fxe6 32. Qg6+ $18) (24...
Rxc1+ 25. Qxc1 h5 26. Qc6 Qd8 27. g3 d4 28. e4 $16) 25. Rxc8 Qxc8 26. Nxg6 $1
fxg6 27. Qxg6+ Bg7 28. Ng5 Qd7 29. Qxh5 d4 (29... Qf5 30. g4 Qf6 31. Qh7+ Kf8
32. Qc2 $16) 30. exd4 Nd5 (30... Bxd4 $2 31. Qg6+ Qg7 (31... Bg7 32. h5 $18)
32. Qe8+ $18) 31. Qh7+ Kf8 32. Qg6 $16) 23... Ne5 $1 24. Nxe5 Bxe5 25. Rd1 (25.
h5 $5 Rxc1+ 26. Nxc1 Qb8 $5 (26... g5 27. Qf5 Qd6 28. Nd3 $14) 27. Qd3 Qb2 28.
Nb3 Qc3 $10) 25... Qc5 26. h5 Qc2 $1 27. Qxc2 Rxc2 28. Rxd5 Rxe2 (28... Bc7 $6
29. Kf1 Rxa2 30. g3 Ra5 31. Rd7 $14) 29. Rxe5 Rxa2 30. hxg6 fxg6 {R 7/i} 31.
Re7 a5 32. Ra7 a4 33. g3 (33. g4 g5 34. Kg2 a3 35. Kg3 Ra1 36. Kf3 Ra2 $10)
33... h5 34. Kg2 a3 35. e4 g5 $1 36. Kf3 (36. Ra5 $6 g4 37. Ra7 $1 $10 (37.
Rxh5 $4 Rb2 38. Ra5 a2 39. Ra7 Kf8 40. e5 Ke8 41. e6 Rc2 $19)) 36... g4+ 37.
Ke3 Ra1 38. Kf4 Rf1 39. Kg5 (39. Rxa3 Rxf2+ 40. Kg5 Rf3 $10) 39... Rxf2 40.
Kxh5 Re2 (40... Re2 41. Kg6 Kf8 $10) 1/2-1/2